00472nam a22001577a 450000500170000001000150001702000260003203500130005803700130007108200130008424500700009726000410016727000520020830000270026070000270028720130813111543.0 aENG-107677 a9788175247017c750.00 aEN-91210 bDBAD/PUB a613.7046 aYoga for wellness /cedited and compiled by Jitendra Kumar Thakur aNew DelhibKhel Sahitya Kendrac2013 a7/26, Ansari Road, DaryaganjbNew Delhie110002 a278p. :c23cm(Hb)bill aThakur, Jitendra Kumar